| 000 | 00839cam a2200277 4500 | ||
|---|---|---|---|
| 001 | J3904 | ||
| 008 | 090401t xxu||||| |||| 00| 0 eng d | ||
| 035 | _a(Sirsi) u57367 | ||
| 041 | _aeng | ||
| 050 | _a333.335 | ||
| 110 | _aMinistry of Agriculture Fisheries and Food | ||
| 245 | _aPrices of agricultural land in England. - Three months and six months ended 31 March 1996 - three months and six months ended 30 September 1996 - Three months ended 31 December 1996 | ||
| 260 |
_aLondon _bMAFF _c1996-97 |
||
| 300 | _a4 pt. ; 30cm. | ||
| 350 | _a0 | ||
| 490 |
_aMAFF Statistics _v180/96 |
||
| 520 | _aPublished quarterly. | ||
| 650 | _aFARMLAND PRICES | ||
| 650 | _aFARMLAND | ||
| 650 | _aINDEX | ||
| 650 | _aLAND PRICES | ||
| 650 | _aLAND SALES PRICE INDEX | ||
| 690 | _aRURAL PRACTICE | ||
| 942 | _n0 | ||
| 948 | _c04/03/1997 | ||
| 999 |
_c93926 _d93926 |
||